000 00357pam a2200157a 44500
008 230515b2004 xxu||||| |||| 00| 0 eng d
020 _aNULL
041 _aENG
082 _a610.730285
100 _aN C Jain & ms saakshi
245 _aComputer for nurses
250 _a0
260 _aNULL
_b"Aitbs pub, nd, "
_c2004
300 _a387
650 _aNULL
999 _c523513
_d523513